| Tag |
First Indicator |
Second Indicator |
Subfields |
| LEADER |
00000cas a2200000 4500 |
| 001 |
in00000050566 |
| 005 |
20151007071916.0 |
| 008 |
750726c19569999mouar 0 a0eng c |
| 010 |
|
|
|a 55006286
|
| 015 |
|
|
|a 011237996
|2 dnb
|
| 016 |
7 |
|
|a 10821000R
|2 DNLM
|
| 016 |
7 |
|
|a A23535000
|2 DNLM
|
| 016 |
7 |
|
|a 212700-3
|2 DE-600
|
| 019 |
|
|
|a 679469
|a 2015921
|
| 022 |
0 |
|
|a 0065-8111
|l 0065-8111
|2 1
|
| 035 |
|
|
|a (OCoLC)ocm01479781
|
| 035 |
|
|
|a (OCoLC)1479781
|z (OCoLC)679469
|z (OCoLC)2015921
|
| 037 |
|
|
|b Facts and Comparisons Division, J.B. Lippincott Co., 111 West Port Plaza, Suite 423, St. Louis, Mo. 63146-3098
|
| 040 |
|
|
|a MUL
|c MUL
|d OCL
|d DLC
|d SER
|d OCL
|d NSD
|d NST
|d IUL
|d NSD
|d AGL
|d NST
|d IUL
|d GUA
|d NLM
|d OCLCQ
|d NLGGC
|d LVB
|d OCLCG
|d OCLCQ
|d HEBIS
|d GBVCP
|d UtOrBLW
|
| 042 |
|
|
|a pcc
|a nsdp
|
| 049 |
|
|
|a TXAM
|
| 050 |
0 |
0 |
|a RS355
|b .A48
|
| 060 |
0 |
0 |
|a QV 772
|b A511
|
| 210 |
0 |
|
|a Am. drug index
|
| 222 |
|
0 |
|a American drug index
|
| 245 |
0 |
0 |
|a American drug index.
|
| 264 |
|
1 |
|a Philadelphia :
|b Lippincott.
|
| 300 |
|
|
|a volumes ;
|c 21 cm.
|
| 310 |
|
|
|a Annual
|
| 336 |
|
|
|a text
|b txt
|2 rdacontent
|
| 337 |
|
|
|a unmediated
|b n
|2 rdamedia
|
| 338 |
|
|
|a volume
|b nc
|2 rdacarrier
|
| 362 |
0 |
|
|a [1956]-
|
| 500 |
|
|
|a Compilers: 1956- C.O. Wilson, T.E. Jones.
|
| 500 |
|
|
|a Latest issue consulted: 33rd edition (1989).
|
| 515 |
|
|
|a 30th ed. published in 1986.
|
| 650 |
|
0 |
|a Drugs
|z United States
|v Catalogs.
|
| 650 |
|
2 |
|a Pharmaceutical Preparations
|v Catalogs.
|
| 650 |
1 |
7 |
|a Geneesmiddelen.
|2 gtt
|
| 650 |
|
6 |
|a Médicaments
|v Catalogues.
|
| 700 |
1 |
|
|a Wilson, Charles Owens,
|d 1911-
|
| 776 |
0 |
8 |
|i Online version:
|t American drug index
|w (OCoLC)560443185
|
| 850 |
|
|
|a CSf
|a DLC
|a DNAL
|a In
|a InU
|a MChB
|a MoSW-M
|a NjR
|
| 891 |
2 |
0 |
|9 853
|8 1
|a +ed.
|i (year)
|w a
|
| 891 |
4 |
1 |
|9 863
|8 1.1
|a <33>
|i <1989>
|
| 949 |
|
|
|a updated
|b h
|c 2012/5/8
|e vilik
|f 3:01:36 pm
|
| 994 |
|
|
|a C0
|b TXA
|
| 999 |
|
|
|a MARS
|
| 999 |
f |
f |
|s 45c2abd7-13e6-3bd8-9f65-6d3492f63fac
|i e1e6462f-9316-3a38-af9a-3e7e22d390f2
|t 0
|
| 952 |
f |
f |
|p ric
|a Texas A&M University
|b Rellis Campus
|c Joint Library Facility
|d Remote Storage
|t 0
|e RS355 .A48
|h Library of Congress classification
|i unmediated -- volume
|k 32nd ed.
|l 1988
|m A14834279476
|
| 952 |
f |
f |
|p ric
|a Texas A&M University
|b Rellis Campus
|c Joint Library Facility
|d Remote Storage
|t 0
|e RS355 .A48
|h Library of Congress classification
|i unmediated -- volume
|k 52nd ed.
|l 2008
|m A14834027358
|
| 952 |
f |
f |
|p ric
|a Texas A&M University
|b Rellis Campus
|c Joint Library Facility
|d Remote Storage
|t 0
|e RS355 .A48
|h Library of Congress classification
|i unmediated -- volume
|l 1965
|m A14834279052
|
| 952 |
f |
f |
|p ric
|a Texas A&M University
|b Rellis Campus
|c Joint Library Facility
|d Remote Storage
|t 0
|e RS355 .A48
|h Library of Congress classification
|i unmediated -- volume
|k 33rd ed.
|l 1989
|m A14834279434
|
| 952 |
f |
f |
|p ric
|a Texas A&M University
|b Rellis Campus
|c Joint Library Facility
|d Remote Storage
|t 0
|e RS355 .A48
|h Library of Congress classification
|i unmediated -- volume
|k 38th ed.
|l 1994
|m A14834279230
|
| 952 |
f |
f |
|p ric
|a Texas A&M University
|b Rellis Campus
|c Joint Library Facility
|d Remote Storage
|t 0
|e RS355 .A48
|h Library of Congress classification
|i unmediated -- volume
|l 1978
|m A14834279303
|
| 952 |
f |
f |
|p ric
|a Texas A&M University
|b Rellis Campus
|c Joint Library Facility
|d Remote Storage
|t 0
|e RS355 .A48
|h Library of Congress classification
|i unmediated -- volume
|l 1976
|m A14834279222
|
| 952 |
f |
f |
|p ric
|a Texas A&M University
|b Rellis Campus
|c Joint Library Facility
|d Remote Storage
|t 0
|e RS355 .A48
|h Library of Congress classification
|i unmediated -- volume
|k 53rd ed.
|l 2009
|m A14837464648
|
| 952 |
f |
f |
|p ric
|a Texas A&M University
|b Rellis Campus
|c Joint Library Facility
|d Remote Storage
|t 0
|e RS355 .A48
|h Library of Congress classification
|i unmediated -- volume
|k 26th ed.
|l 1982
|m A14834279468
|
| 952 |
f |
f |
|p ric
|a Texas A&M University
|b Rellis Campus
|c Joint Library Facility
|d Remote Storage
|t 0
|e RS355 .A48
|h Library of Congress classification
|i unmediated -- volume
|l 1972
|m A14834279109
|
| 952 |
f |
f |
|p ric
|a Texas A&M University
|b Rellis Campus
|c Joint Library Facility
|d Remote Storage
|t 0
|e RS355 .A48
|h Library of Congress classification
|i unmediated -- volume
|k 46th ed.
|l 2002
|m A14827240327
|
| 952 |
f |
f |
|p ric
|a Texas A&M University
|b Rellis Campus
|c Joint Library Facility
|d Remote Storage
|t 0
|e RS355 .A48
|h Library of Congress classification
|i unmediated -- volume
|k 30th ed.
|l 1986
|m A14834279581
|
| 952 |
f |
f |
|p ric
|a Texas A&M University
|b Rellis Campus
|c Joint Library Facility
|d Remote Storage
|t 0
|e RS355 .A48
|h Library of Congress classification
|i unmediated -- volume
|l 1964
|m A14834279094
|
| 952 |
f |
f |
|p ric
|a Texas A&M University
|b Rellis Campus
|c Joint Library Facility
|d Remote Storage
|t 0
|e RS355 .A48
|h Library of Congress classification
|i unmediated -- volume
|k 35th ed.
|l 1991
|m A14834279353
|
| 952 |
f |
f |
|p ric
|a Texas A&M University
|b Rellis Campus
|c Joint Library Facility
|d Remote Storage
|t 0
|e RS355 .A48
|h Library of Congress classification
|i unmediated -- volume
|k 36th ed.
|l 1992
|m A14834279311
|
| 952 |
f |
f |
|p ric
|a Texas A&M University
|b Rellis Campus
|c Joint Library Facility
|d Remote Storage
|t 0
|e RS355 .A48
|h Library of Congress classification
|i unmediated -- volume
|k 31th ed.
|l 1987
|m A14834278991
|
| 952 |
f |
f |
|p ric
|a Texas A&M University
|b Rellis Campus
|c Joint Library Facility
|d Remote Storage
|t 0
|e RS355 .A48
|h Library of Congress classification
|i unmediated -- volume
|l 1962
|m A14834279133
|
| 952 |
f |
f |
|p ric
|a Texas A&M University
|b Rellis Campus
|c Joint Library Facility
|d Remote Storage
|t 0
|e RS355 .A48
|h Library of Congress classification
|i unmediated -- volume
|l 1966
|m A14834279010
|
| 952 |
f |
f |
|p ric
|a Texas A&M University
|b Rellis Campus
|c Joint Library Facility
|d Remote Storage
|t 0
|e RS355 .A48
|h Library of Congress classification
|i unmediated -- volume
|l 1969
|m A14834279028
|
| 952 |
f |
f |
|p ric
|a Texas A&M University
|b Rellis Campus
|c Joint Library Facility
|d Remote Storage
|t 0
|e RS355 .A48
|h Library of Congress classification
|i unmediated -- volume
|k 48th ed.
|l 2004
|m A14830672559
|
| 952 |
f |
f |
|p ric
|a Texas A&M University
|b Rellis Campus
|c Joint Library Facility
|d Remote Storage
|t 0
|e RS355 .A48
|h Library of Congress classification
|i unmediated -- volume
|k 37th ed.
|l 1993
|m A14834279272
|
| 952 |
f |
f |
|p ric
|a Texas A&M University
|b Rellis Campus
|c Joint Library Facility
|d Remote Storage
|t 0
|e RS355 .A48
|h Library of Congress classification
|i unmediated -- volume
|l 1959
|m A14834279214
|
| 952 |
f |
f |
|p ric
|a Texas A&M University
|b Rellis Campus
|c Joint Library Facility
|d Remote Storage
|t 0
|e RS355 .A48
|h Library of Congress classification
|i unmediated -- volume
|k 25th ed.
|l 1981
|m A14834279426
|
| 952 |
f |
f |
|p ric
|a Texas A&M University
|b Rellis Campus
|c Joint Library Facility
|d Remote Storage
|t 0
|e RS355 .A48
|h Library of Congress classification
|i unmediated -- volume
|l 1960
|m A14834279175
|
| 952 |
f |
f |
|p ric
|a Texas A&M University
|b Rellis Campus
|c Joint Library Facility
|d Remote Storage
|t 0
|e RS355 .A48
|h Library of Congress classification
|i unmediated -- volume
|l 1971
|m A14834279060
|
| 952 |
f |
f |
|p ric
|a Texas A&M University
|b Rellis Campus
|c Joint Library Facility
|d Remote Storage
|t 0
|e RS355 .A48
|h Library of Congress classification
|i unmediated -- volume
|k 34th ed.
|l 1990
|m A14834279395
|
| 952 |
f |
f |
|p ric
|a Texas A&M University
|b Rellis Campus
|c Joint Library Facility
|d Remote Storage
|t 0
|e RS355 .A48
|h Library of Congress classification
|i unmediated -- volume
|l 1958
|m A14834279256
|
| 952 |
f |
f |
|p normal
|a Texas A&M University
|b College Station
|c Sterling C. Evans Library
|d Evans: Library Stacks
|t 0
|e RS355 .A48
|h Library of Congress classification
|i unmediated -- volume
|k 54th ed.
|l 2010
|m A14837495542
|
| 952 |
f |
f |
|p ric
|a Texas A&M University
|b Rellis Campus
|c Joint Library Facility
|d Remote Storage
|t 0
|e RS355 .A48
|h Library of Congress classification
|i unmediated -- volume
|k 27th ed.
|l 1983
|m A14834279507
|
| 952 |
f |
f |
|p ric
|a Texas A&M University
|b Rellis Campus
|c Joint Library Facility
|d Remote Storage
|t 0
|e RS355 .A48
|h Library of Congress classification
|i unmediated -- volume
|k 42nd ed.
|l 1998
|m A14834279078
|
| 952 |
f |
f |
|p ric
|a Texas A&M University
|b Rellis Campus
|c Joint Library Facility
|d Remote Storage
|t 0
|e RS355 .A48
|h Library of Congress classification
|i unmediated -- volume
|k 28th ed.
|l 1984
|m A14834279549
|
| 952 |
f |
f |
|p ric
|a Texas A&M University
|b Rellis Campus
|c Joint Library Facility
|d Remote Storage
|t 0
|e RS355 .A48
|h Library of Congress classification
|i unmediated -- volume
|k 40th ed.
|l 1996
|m A14834279159
|
| 952 |
f |
f |
|p ric
|a Texas A&M University
|b Rellis Campus
|c Joint Library Facility
|d Remote Storage
|t 0
|e RS355 .A48
|h Library of Congress classification
|i unmediated -- volume
|l 1968
|m A14834278983
|
| 952 |
f |
f |
|p ric
|a Texas A&M University
|b Rellis Campus
|c Joint Library Facility
|d Remote Storage
|t 0
|e RS355 .A48
|h Library of Congress classification
|i unmediated -- volume
|l 1967
|m A14834278975
|
| 952 |
f |
f |
|p ric
|a Texas A&M University
|b Rellis Campus
|c Joint Library Facility
|d Remote Storage
|t 0
|e RS355 .A48
|h Library of Congress classification
|i unmediated -- volume
|k 51st ed.
|l 2007
|m A14833993247
|
| 952 |
f |
f |
|p ric
|a Texas A&M University
|b Rellis Campus
|c Joint Library Facility
|d Remote Storage
|t 0
|e RS355 .A48
|h Library of Congress classification
|i unmediated -- volume
|k 39th ed.
|l 1995
|m A14834279191
|
| 952 |
f |
f |
|p ric
|a Texas A&M University
|b Rellis Campus
|c Joint Library Facility
|d Remote Storage
|t 0
|e RS355 .A48
|h Library of Congress classification
|i unmediated -- volume
|k 56th ed.
|l 2012
|m A14841176956
|
| 952 |
f |
f |
|p ric
|a Texas A&M University
|b Rellis Campus
|c Joint Library Facility
|d Remote Storage
|t 0
|e RS355 .A48
|h Library of Congress classification
|i unmediated -- volume
|k 43rd ed.
|l 1999
|m A14834279036
|
| 952 |
f |
f |
|p ric
|a Texas A&M University
|b Rellis Campus
|c Joint Library Facility
|d Remote Storage
|t 0
|e RS355 .A48
|h Library of Congress classification
|i unmediated -- volume
|l 1974
|m A14834279141
|
| 952 |
f |
f |
|p ric
|a Texas A&M University
|b Rellis Campus
|c Joint Library Facility
|d Remote Storage
|t 0
|e RS355 .A48
|h Library of Congress classification
|i unmediated -- volume
|k 44th ed.
|l 2000
|m A14826169594
|
| 952 |
f |
f |
|p ric
|a Texas A&M University
|b Rellis Campus
|c Joint Library Facility
|d Remote Storage
|t 0
|e RS355 .A48
|h Library of Congress classification
|i unmediated -- volume
|l 1977
|m A14834279264
|
| 952 |
f |
f |
|p ric
|a Texas A&M University
|b Rellis Campus
|c Joint Library Facility
|d Remote Storage
|t 0
|e RS355 .A48
|h Library of Congress classification
|i unmediated -- volume
|k 55th ed.
|l 2011
|m A14839455051
|
| 952 |
f |
f |
|p ric
|a Texas A&M University
|b Rellis Campus
|c Joint Library Facility
|d Remote Storage
|t 0
|e RS355 .A48
|h Library of Congress classification
|i unmediated -- volume
|k 45th ed.
|l 2001
|m A14827187985
|
| 952 |
f |
f |
|p ric
|a Texas A&M University
|b Rellis Campus
|c Joint Library Facility
|d Remote Storage
|t 0
|e RS355 .A48
|h Library of Congress classification
|i unmediated -- volume
|l 1975
|m A14834279183
|
| 952 |
f |
f |
|p ric
|a Texas A&M University
|b Rellis Campus
|c Joint Library Facility
|d Remote Storage
|t 0
|e RS355 .A48
|h Library of Congress classification
|i unmediated -- volume
|l 1980
|m A14834279387
|
| 952 |
f |
f |
|p ric
|a Texas A&M University
|b Rellis Campus
|c Joint Library Facility
|d Remote Storage
|t 0
|e RS355 .A48
|h Library of Congress classification
|i unmediated -- volume
|l 1979
|m A14834279345
|
| 952 |
f |
f |
|p ric
|a Texas A&M University
|b Rellis Campus
|c Joint Library Facility
|d Remote Storage
|t 0
|e RS355 .A48
|h Library of Congress classification
|i unmediated -- volume
|k 50th ed.
|l 2006
|m A14831450510
|
| 952 |
f |
f |
|p ric
|a Texas A&M University
|b Rellis Campus
|c Joint Library Facility
|d Remote Storage
|t 0
|e RS355 .A48
|h Library of Congress classification
|i unmediated -- volume
|k 41st ed.
|l 1997
|m A14834279117
|
| 952 |
f |
f |
|p ric
|a Texas A&M University
|b Rellis Campus
|c Joint Library Facility
|d Remote Storage
|t 0
|e RS355 .A48
|h Library of Congress classification
|i unmediated -- volume
|k 49th ed.
|l 2005
|m A14831413128
|
| 952 |
f |
f |
|p ric
|a Texas A&M University
|b Rellis Campus
|c Joint Library Facility
|d Remote Storage
|t 0
|e RS355 .A48
|h Library of Congress classification
|i unmediated -- volume
|k 47th ed.
|l 2003
|m A14828652569
|
| 998 |
f |
f |
|a RS355 .A48
|s 55th-56th ed. (2011-2012)
|t 0
|l Remote Storage
|